MARC

Tag First Indicator Second Indicator Subfields
LEADER 00000cam a2200000Ii 4500
001 in00003832521
005 20190415180307.0
006 m o d
007 cr mn|||||||||
008 141107t20142014vaua ob 100 0 eng d
010 |a  2015458238 
016 7 |a 016987011  |2 Uk 
019 |a 961852062 
020 |a 9781523100439  |q electronic bk. 
020 |a 1523100435  |q electronic bk. 
020 |z 9780939950942 
020 |z 0939950944 
020 |a 9780939950959 
020 |a 0939950952 
020 |a 1614517975 
020 |a 9781614517979 
020 |a 1614517983 
020 |a 9781614517986 
020 |a 1614519927 
020 |a 9781614519928 
035 |a (OCoLC)ocn894671395 
035 |a (OCoLC)894671395  |z (OCoLC)961852062 
040 |a OSU  |b eng  |e rda  |c OSU  |d NMH  |d UKMGB  |d KNOVL  |d OCLCO  |d OCLCF  |d OCLCO  |d VT2  |d UtOrBLW 
049 |a TXAM 
050 4 |a TD196.A77  |b E58 2014eb 
082 0 4 |a 628.52  |2 23 
111 2 |a Environmental Geochemistry, Mineralogy, and Microbiology of Arsenic (Short course)  |d (2014 :  |c Nevada City, Calif.)  |0 http://id.loc.gov/authorities/names/no2014169911 
245 1 0 |a Arsenic :  |b environmental geochemistry, mineralogy, and microbiology /  |c editors, Robert J. Bowell, Charles N. Alpers, Heather E. Jamieson, D. Kirk Nordstrom, Juraj Majzlan. 
264 1 |a [Chantilly, Va.] :  |b Mineralogical Society of America,  |c [2014] 
264 4 |c ©2014 
300 |a 1 online resource (xvi, 635 pages) :  |b illustrations (some color). 
336 |a text  |b txt  |2 rdacontent 
337 |a computer  |b c  |2 rdamedia 
338 |a online resource  |b cr  |2 rdacarrier 
490 1 |a Reviews in mineralogy and geochemistry,  |x 1529-6466 ;  |v volume 79 
500 |a "This volume ... presents a comprehensive review of the topics covered at the "Environmental Geochemistry, Mineralogy, and Microbiology of Arsenic" short course that followed the 24th Annual V.M. Goldschmidt Conference and held at the Miners Foundry, Nevada City, CA (June 15-16, 2014)"--Preface. 
504 |a Includes bibliographical references and index. 
588 |a Description based on online resource; title from html contents page (GeoScienceWorld, November 7, 2014). 
505 0 |a The environmental geochemistry of arsenic : an overview / Robert J. Bowell, Charles N. Alpers, Heather E. Jamieson, D. Kirk Nordstrom, Juraj Majzlan -- Parageneses and crystal chemistry of arsenic minerals / Juraj Majzlan, Petr Drahota, Michal Filippi -- Arsenic speciation and sorption in natural environments / Kete M. Campbell, D. Kirk Nordstrom -- Thermodynamic properties for arsenic minerals and aqueous species / K. Kirk Nordstrom, Juraj Majzlan, Erich Königsberger -- Arsenic speciation in solids using x-ray absorption spectroscopy / Andrea L. Foster, Christopher S. Kim -- Measuring arsenic speciation in environmental media : sampling, preservation, and analysis / Matthew I. Leybourne, Karen H. Johannesson, Alemayehu Asfaw -- Microbial arsenic metabolism and reaction energetics / Jan P. Amend, Chad Saltikov, Guang-Sin Lu, Jaime Hernandez -- Health risks associated with chronic exposures to arsenic in the environment / Valerie L. Mitchell -- Using in vivo bioavailability and/or in vitro gastrointestinal bioaccessibility testing to adjust human exposure to arsenic from soil ingestion / Nicholas T. Basta, Albert Juhasz -- The characterization of arsenic in mine waste / Dave Craw, Robert J. Bowell -- The management of arsenic in the mining industry / Robert J. Bowell, Dave Craw -- The legacy of arsenic contamination from mining and processing refractory gold ore at Giant Mine, Yellowknife, Northwest Territories, Canada / Heather E. Jamieson -- Arsenic associated with historical gold mining in the Sierra Nevada Foothills : case study and field trip guide for Empire Mine State Historic Park, California / Charles N. Alpers, Perry A. Myers, Daniel Millsap, Tamsen Burlak Regnier -- Hydrogenochemistry of the Tsumeb deposit : implications for arsenate mineral stability / Robert J. Bowell. 
650 0 |a Arsenic  |x Environmental aspects  |v Congresses. 
650 0 |a Environmental geochemistry  |v Congresses.  |0 http://id.loc.gov/authorities/subjects/sh2009103161 
650 7 |a Arsenic  |x Environmental aspects.  |2 fast  |0 (OCoLC)fst00815132 
650 7 |a Environmental geochemistry.  |2 fast  |0 (OCoLC)fst00912986 
655 7 |a Electronic books.  |2 local 
655 7 |a Conference papers and proceedings.  |2 fast  |0 (OCoLC)fst01423772 
700 1 |a Bowell, Robert J.,  |e writer of preface,  |e editor,  |e author. 
700 1 |a Alpers, Charles N.,  |d 1958-  |e writer of preface,  |e editor,  |e author.  |0 http://id.loc.gov/authorities/names/n93100793 
700 1 |a Jamieson, Heather Edith,  |d 1953-  |e writer of preface,  |e editor,  |e author.  |0 http://id.loc.gov/authorities/names/no2007142513 
700 1 |a Nordstrom, Darrell Kirk,  |e writer of preface,  |e editor,  |e author.  |0 http://id.loc.gov/authorities/names/n84217680 
700 1 |a Majzlan, Juraj,  |e writer of preface,  |e editor,  |e author.  |0 http://id.loc.gov/authorities/names/no2014151439 
710 2 |a Knovel (Firm)  |0 http://id.loc.gov/authorities/names/nr2001027264 
711 2 |a V.M. Goldschmidt Conference  |n (24th :  |d 2014 :  |c Nevada City, Calif.) 
830 0 |a Reviews in mineralogy and geochemistry ;  |v v. 79.  |0 http://id.loc.gov/authorities/names/no00079036 
856 4 0 |u http://proxy.library.tamu.edu/login?url=http://app.knovel.com/hotlink/toc/id:kpRMGVAEG2/reviews-in-mineralogy  |z Connect to the full text of this electronic book  |t 0 
999 f f |s 4c3bcf90-ec2b-3608-a01e-8b9691d4f5d5  |i 69abb120-66e9-3d5d-aec8-796c663cd90b  |t 0 
952 f f |a Texas A&M University  |b College Station  |c Electronic Resources  |d Available Online  |t 0  |e TD196.A77 E58 2014eb  |h Library of Congress classification 
998 f f |a TD196.A77 E58 2014eb  |t 0  |l Available Online